000 00331nam a2200121Ia 4500
008 220217s9999||||xx |||||||||||||| ||und||
020 _a978-81-203-3334-5
100 _aBasu B N
_96082
245 0 _aTechnical writing
260 _aPrentice hall of India pvt. ltd.
_bNew Delhi
_c2007
300 _b175
650 _aGENERAL BOOKS
999 _c177435
_d177435